000 00731nam a2200181 a 4500
001 1638
003 CO-ViMGA
008 141112s2004 ck r 000 u spa d
040 _aCO-ViMGA
_bspa
_cCO-ViMGA
082 0 4 _aR809 H477
245 1 0 _aHistoria universal de la literatura
260 _aNavarra :
_bOrbi,
_c1990
300 _a10 v
500 _aContenido : V.1 y 2, De la antiguedad al renacimiento; V.3 y 4, Del renacimiento al clasicismo; V.5 y 6, Del clasicismo al romanticismo; V.7 y 8, La literatura del siglo XIX; V.9 y 10, La literatura moderna.
590 _aDatos de inventario : 05488, 05489, 05490, 05491, 05492, 05493, 05494, 05495, 05496, 05497
650 1 4 _aLITERATURA UNIVERSAL - HISTORIA
942 _2ddc
_cBK
999 _c13815
_d13815